[Event "FIDE World Cup Women 2021"]
[Site "Krasnaya Polyana RUS"]
[Date "2021.07.17"]
[Round "2.5"]
[White "Socko, Monika"]
[Black "Cramling, Pia"]
[Result "0-1"]
[WhiteTitle "GM"]
[BlackTitle "GM"]
[WhiteElo "2393"]
[BlackElo "2459"]
[WhiteFideId "1106619"]
[BlackFideId "1700030"]
[EventDate "2021.07.12"]
[EventType "k.o."]

1. d4 Nf6 2. c4 e6 3. g3 d5 4. Bg2 Bb4+ 5. Nd2 O-O 6. Qc2 b6 7. Nf3 Bb7 8. O-O
a5 9. b3 Be7 10. Bb2 Na6 11. Rac1 Rc8 12. cxd5 exd5 13. Qf5 c5 14. Rfd1 Qe8 15.
dxc5 Nxc5 16. Ng5 g6 17. Qb1 Ne6 18. Nxe6 fxe6 19. Nf3 Ne4 20. Bd4 Bc5 21. Qb2
Qe7 22. Qa1 Ba6 23. Bxc5 bxc5 24. Re1 a4 25. Qe5 Rf5 26. Qb2 Qd6 27. Nh4 Rf7 28.
Bxe4 dxe4 29. Red1 Qb6 30. Qe5 c4 31. e3 axb3 32. axb3 cxb3 33. Rxc8+ Bxc8 34.
Qxe4 b2 35. Qc2 Rc7 36. Qb1 Bb7 37. Nxg6 Qc6 38. e4 Qxe4 39. Rd8+ Kf7 40. Ne5+
Kg7 0-1

[Event "FIDE World Cup Women 2021"]
[Site "Krasnaya Polyana RUS"]
[Date "2021.07.17"]
[Round "2.9"]
[White "Badelka, Olga"]
[Black "Matnadze, Ana"]
[Result "1-0"]
[WhiteTitle "IM"]
[BlackTitle "IM"]
[WhiteElo "2418"]
[BlackElo "2421"]
[WhiteFideId "13509926"]
[BlackFideId "13601377"]
[EventDate "2021.07.12"]
[EventType "k.o."]

1. d4 Nf6 2. c4 e6 3. Nc3 d5 4. cxd5 exd5 5. Bg5 c6 6. e3 Nbd7 7. Bd3 Be7 8. Qc2
Nf8 9. O-O-O Ne6 10. Bxf6 Bxf6 11. f4 b6 12. Nf3 Bb7 13. Kb1 c5 14. Bb5+ Kf8 15.
dxc5 bxc5 16. Bc4 d4 17. Bxe6 fxe6 18. exd4 Bxf3 19. gxf3 cxd4 20. Ne4 Qd5 21.
Rd3 Rd8 22. Re1 Kf7 23. Qa4 Rhe8 24. Red1 Qf5 25. Qxa7+ Kg8 26. Qc7 Rf8 27. Rg1
Kh8 28. a4 Ra8 29. Qc6 Qxf4 30. Rc1 e5 31. Qc5 Rfe8 32. a5 Be7 33. Qd5 Rac8 34.
Rg1 Rb8 35. Rb3 Rbd8 36. Qb5 Bf8 37. a6 d3 38. Rxd3 Rb8 39. Qa4 Qf7 40. Rc1 Ra8
41. Qa2 Qe7 42. Qa4 Qe6 43. Rc4 Rxa6 44. Qb3 Rb6 45. Rb4 Rxb4 46. Qxe6 Rxe6 47.
Rd8 Kg8 48. Rc8 Rd6 49. Nxd6 Rb6 50. Ne4 Re6 51. Nc5 Re8 52. Rxe8 Kf7 53. Nb7
Kxe8 54. Na5 Kf7 55. Nc4 Kg6 56. Na5 1-0

[Event "FIDE World Cup Women 2021"]
[Site "Krasnaya Polyana RUS"]
[Date "2021.07.18"]
[Round "3.1"]
[White "Goryachkina, Aleksandra"]
[Black "Badelka, Olga"]
[Result "1-0"]
[WhiteTitle "GM"]
[BlackTitle "IM"]
[WhiteElo "2596"]
[BlackElo "2418"]
[WhiteFideId "4147103"]
[BlackFideId "13509926"]
[EventDate "2021.07.12"]
[EventType "k.o."]

1. d4 Nf6 2. c4 e6 3. g3 d5 4. Bg2 Be7 5. Nf3 O-O 6. O-O dxc4 7. Qc2 a6 8. a4 c5
9. dxc5 Bxc5 10. Nbd2 b5 11. Ng5 Ra7 12. Nde4 Nxe4 13. Nxe4 Bd4 14. Ng5 g6 15.
axb5 axb5 16. Rxa7 Bxa7 17. Ne4 Bd4 18. Bh6 Bg7 19. Bxg7 Kxg7 20. Qc3+ f6 21.
Qb4 Qb6 22. Nd6 Bd7 23. Rd1 Qc7 24. Ra1 Rd8 25. Nb7 Rf8 26. Ra8 Bc6 27. Bxc6
Qxc6 28. Qe7+ Kg8 29. Nc5 Qe8 30. Qxe6+ Qxe6 31. Nxe6 Rc8 32. Kf1 b4 33. Ke1 Kf7
34. Nd4 Rd8 35. Nc2 c3 36. bxc3 bxc3 37. Ra3 Rc8 38. Ra7+ Ke6 39. Rxh7 Nc6 40.
Rb7 Kd5 41. Ne3+ Kc5 42. Rb3 Kd4 43. Rb5 Ne5 44. Nc2+ Kc4 45. Na3+ Kd4 46. Kd1
Ra8 47. Rb3 g5 48. Kc2 Rh8 49. h4 gxh4 50. Rb4+ Kd5 51. gxh4 Ra8 52. Kb3 Nc6 53.
Rb5+ Ke4 54. Nc2 Rc8 55. f3+ Kf4 56. Rc5 Rb8+ 57. Kxc3 Ne5 58. Rd5 Rh8 59. Rd4+
Kg3 60. Ne3 Ra8 61. Nf5+ Kf2 62. Re4 Rh8 63. Kd4 Rh5 64. Ng7 Rh7 65. Ne8 Ng6 66.
Nxf6 Rxh4 67. Ng4+ Ke1 68. Ke3 Rh8 69. Re6 Nh4 70. Kf4 Rf8+ 71. Kg5 Ng2 72. Nf6
Ra8 73. f4 Kf2 74. f5 Ne3 75. Ng4+ 1-0

[Event "FIDE World Cup Women 2021"]
[Site "Krasnaya Polyana RUS"]
[Date "2021.07.18"]
[Round "3.1"]
[White "Munguntuul, Batkhuyag"]
[Black "Lagno, Kateryna"]
[Result "0-1"]
[WhiteTitle "IM"]
[BlackTitle "GM"]
[WhiteElo "2428"]
[BlackElo "2559"]
[WhiteFideId "4900758"]
[BlackFideId "14109336"]
[EventDate "2021.07.12"]
[EventType "k.o."]

1. e4 e5 2. Nf3 Nc6 3. Bb5 Nf6 4. d3 Bc5 5. Nbd2 O-O 6. O-O Re8 7. Nc4 d5 8.
Bxc6 bxc6 9. Ncxe5 dxe4 10. dxe4 Qxd1 11. Rxd1 Nxe4 12. Be3 Bxe3 13. fxe3 c5 14.
Rd3 f6 15. Nc6 a5 16. Ra3 a4 17. b4 Bd7 18. b5 Re6 19. c4 Bxc6 20. bxc6 Rxc6 21.
h3 Rb6 22. Rd1 Rb4 23. Rd7 Rxc4 24. Rxc7 Rc3 25. Rxc3 Nxc3 26. Rxc5 Nxa2 27. Rc4
a3 28. Nd4 h5 29. h4 Kh7 30. Kh2 Kg6 31. Kg3 Re8 32. Kf3 Ra8 33. Kg3 Ra7 34. Kf3
Kf7 35. Nc2 Ke6 36. Re4+ Kf7 37. Rc4 Ra5 38. Nd4 Ra6 39. Rc7+ Kg6 40. Rc4 Ra5
41. Nc2 Nc1 42. Nxa3 Nb3 43. Rc3 Rxa3 44. Kg3 Kf5 45. Kh3 Ke4 46. Kh2 f5 47. Kh3
f4 48. exf4 Kd4 49. Rg3 Kc4 50. Rxg7 Nd2+ 51. Kh2 Nf1+ 52. Kg1 Ne3 53. Rg5 Ng4
54. Kf1 Kd3 55. g3 Ra1+ 56. Kg2 Ra2+ 57. Kg1 Ke3 58. Rb5 Kf3 59. Rb3+ Ne3 60. f5
Re2 61. f6 Kxg3 62. Rb1 Rf2 63. Re1 Ng4 0-1

[Event "FIDE World Cup Women 2021"]
[Site "Krasnaya Polyana RUS"]
[Date "2021.07.18"]
[Round "3.1"]
[White "Muzychuk, Mariya"]
[Black "Ushenina, Anna"]
[Result "1/2-1/2"]
[WhiteTitle "GM"]
[BlackTitle "GM"]
[WhiteElo "2550"]
[BlackElo "2429"]
[WhiteFideId "14114550"]
[BlackFideId "14110911"]
[EventDate "2021.07.12"]
[EventType "k.o."]

1. e4 e5 2. Nf3 Nf6 3. Nxe5 d6 4. Nf3 Nxe4 5. Nc3 Nf6 6. d4 Nc6 7. d5 Ne5 8.
Bb5+ Bd7 9. Qe2 Be7 10. Nxe5 dxe5 11. Qxe5 Bxb5 12. Nxb5 O-O 13. O-O Qxd5 14.
Qe2 Qc5 15. Be3 Qe5 16. Rfe1 Bc5 17. Bd4 Qxe2 18. Rxe2 Bxd4 19. Nxd4 Rfe8 20.
Kf1 a6 21. f3 Rxe2 22. Kxe2 Re8+ 23. Kf2 Rd8 24. Nb3 b6 25. Re1 Kf8 26. a4 Rd5
27. c3 Nd7 28. f4 Nc5 29. Nxc5 Rxc5 30. Re4 Rd5 31. Ke2 a5 32. b4 axb4 33. cxb4
c5 34. Re5 Rd4 35. bxc5 Rxa4 36. cxb6 Rb4 37. Kf3 Rxb6 38. h4 g6 39. h5 Kg7 40.
g4 Rb3+ 41. Kg2 Rb2+ 1/2-1/2

[Event "FIDE World Cup Women 2021"]
[Site "Krasnaya Polyana RUS"]
[Date "2021.07.18"]
[Round "3.1"]
[White "Guichard, Pauline"]
[Black "Muzychuk, Anna"]
[Result "0-1"]
[WhiteTitle "IM"]
[BlackTitle "GM"]
[WhiteElo "2413"]
[BlackElo "2527"]
[WhiteFideId "639370"]
[BlackFideId "14111330"]
[EventDate "2021.07.12"]
[EventType "k.o."]

1. d4 d5 2. c4 c6 3. Nc3 Nf6 4. e3 e6 5. b3 Bb4 6. Bb2 Ne4 7. Qc2 Qa5 8. Ne2 Be7
9. a3 Nxc3 10. Nxc3 Nd7 11. b4 Qc7 12. cxd5 cxd5 13. Bd3 Nf6 14. Rc1 Qd8 15. e4
dxe4 16. Nxe4 Bd7 17. O-O Rc8 18. Qe2 Bc6 19. d5 Bxd5 20. Bb5+ Kf8 21. Nxf6 Bxf6
22. Rxc8 Qxc8 23. Rc1 Qd8 24. Bxf6 gxf6 25. Qe3 a6 26. Bf1 h5 27. h4 Kg7 28. Be2
Qd6 29. Rc3 Qe5 30. Qd2 Rh6 31. Bf3 Bxf3 32. Rxf3 Rg6 33. g3 Rg4 34. Rd3 Re4 35.
Kh2 Re2 36. Qf4 Qxf4 37. gxf4 Rxf2+ 38. Kg3 Rf1 39. Rd7 Ra1 40. Rxb7 Rxa3+ 41.
Kg2 Kg6 42. b5 a5 43. b6 Rb3 44. Ra7 Kf5 45. Rxa5+ 0-1

[Event "FIDE World Cup Women 2021"]
[Site "Krasnaya Polyana RUS"]
[Date "2021.07.18"]
[Round "3.1"]
[White "Dzagnidze, Nana"]
[Black "Yip, Carissa"]
[Result "0-1"]
[WhiteTitle "GM"]
[BlackTitle "IM"]
[WhiteElo "2523"]
[BlackElo "2430"]
[WhiteFideId "13601903"]
[BlackFideId "2090732"]
[EventDate "2021.07.12"]
[EventType "k.o."]

1. Nf3 Nf6 2. g3 g6 3. Bg2 Bg7 4. O-O O-O 5. d4 d6 6. c4 Bf5 7. Nh4 Be4 8. f3
Bc6 9. Nc3 e5 10. Be3 Bd7 11. Qd2 exd4 12. Bxd4 h6 13. e4 Nc6 14. Be3 Kh7 15.
Rad1 Re8 16. Kh1 a6 17. f4 b5 18. e5 dxe5 19. Nd5 Ng4 20. f5 e4 21. fxg6+ fxg6
22. Rf7 Nce5 23. Rxg7+ Kxg7 24. Bd4 Bc6 25. Bxe4 Nf6 26. Bg2 bxc4 27. Ne3 Kh7
28. Qf2 Bxg2+ 29. Kxg2 Qd6 30. Bc3 Qc6+ 31. Kg1 Ne4 32. Qf4 Ng5 33. Qf1 Nef3+
34. Nxf3 Nxf3+ 35. Kf2 Rf8 36. Ke2 Nd4+ 0-1

[Event "FIDE World Cup Women 2021"]
[Site "Krasnaya Polyana RUS"]
[Date "2021.07.18"]
[Round "3.1"]
[White "Gunina, Valentina"]
[Black "Harika, Dronavalli"]
[Result "1-0"]
[WhiteTitle "GM"]
[BlackTitle "GM"]
[WhiteElo "2437"]
[BlackElo "2515"]
[WhiteFideId "4167570"]
[BlackFideId "5015197"]
[EventDate "2021.07.12"]
[EventType "k.o."]

1. e4 e5 2. Nf3 Nc6 3. Bb5 a6 4. Ba4 Nf6 5. O-O Be7 6. Re1 b5 7. Bb3 d6 8. a4
Bg4 9. c3 Na5 10. Ba2 b4 11. d3 Rb8 12. Nbd2 c5 13. Nf1 O-O 14. Ne3 b3 15. Nxg4
Nxg4 16. Bb1 Re8 17. Qe2 Qc7 18. Nd2 Nf6 19. Nf1 Bf8 20. Bg5 Nd7 21. Ne3 Nb6 22.
Qg4 Kh8 23. Nf5 f6 24. Bd2 Qf7 25. h4 g6 26. Ng3 Qe6 27. Qe2 Rb7 28. f4 Qg8 29.
Rf1 Nc8 30. h5 Nc6 31. d4 c4 32. hxg6 hxg6 33. fxe5 fxe5 34. Nh5 Bg7 35. Bg5
exd4 36. Nf6 Qe6 37. cxd4 Rf8 38. e5 dxe5 39. d5 Nd4 40. Qe4 Qxf6 41. Bxf6 Bxf6
42. Qxg6 Rbf7 43. Rxf6 1-0

[Event "FIDE World Cup Women 2021"]
[Site "Krasnaya Polyana RUS"]
[Date "2021.07.18"]
[Round "3.1"]
[White "Tan, Zhongyi"]
[Black "Sebag, Marie"]
[Result "1-0"]
[WhiteTitle "GM"]
[BlackTitle "GM"]
[WhiteElo "2511"]
[BlackElo "2438"]
[WhiteFideId "8603642"]
[BlackFideId "617822"]
[EventDate "2021.07.12"]
[EventType "k.o."]

1. e4 c5 2. Nf3 d6 3. d4 cxd4 4. Nxd4 Nf6 5. Nc3 a6 6. Bg5 Nbd7 7. f4 Qc7 8. Qf3
g6 9. O-O-O Bg7 10. g4 h6 11. Bh4 e5 12. Nb3 exf4 13. g5 hxg5 14. Bxg5 Nb6 15.
Qxf4 Nh7 16. Bh6 Be5 17. Qd2 Bg4 18. Be2 Bxc3 19. bxc3 Bxe2 20. Qxe2 O-O-O 21.
Bf4 Na4 22. Rd4 Nxc3 23. Qd3 b5 24. Bxd6 Ne2+ 25. Kb2 Nf4 26. Qd2 Rxd6 27. Rxd6
Ne6 28. Qd5 Kb8 29. Rxa6 1-0

[Event "FIDE World Cup Women 2021"]
[Site "Krasnaya Polyana RUS"]
[Date "2021.07.18"]
[Round "3.1"]
[White "Danielian, Elina"]
[Black "Saduakassova, Dinara"]
[Result "1/2-1/2"]
[WhiteTitle "GM"]
[BlackTitle "IM"]
[WhiteElo "2407"]
[BlackElo "2483"]
[WhiteFideId "13300210"]
[BlackFideId "13700090"]
[EventDate "2021.07.12"]
[EventType "k.o."]

1. d4 Nf6 2. c4 e6 3. Nc3 Bb4 4. Nf3 O-O 5. Bg5 c5 6. e3 cxd4 7. exd4 d5 8. Bd3
dxc4 9. Bxc4 b6 10. O-O Bb7 11. Re1 Nbd7 12. Rc1 Rc8 13. Qb3 Bxc3 14. Rxc3 h6
15. Bh4 Bd5 16. Rec1 Rxc4 17. Rxc4 Qa8 18. Qc2 Bxc4 19. Qxc4 Qd5 20. Qa6 Qa5 21.
Qxa5 bxa5 22. Bxf6 Nxf6 23. b3 Rb8 24. Ne5 a4 25. bxa4 Rb4 26. Rc8+ Kh7 27. g3
Rxd4 28. Nxf7 Rxa4 29. Rc2 Kg6 30. Nd8 e5 31. h3 h5 32. Kg2 h4 33. gxh4 Kf5 34.
Nf7 Nd5 35. Nd6+ Ke6 36. Ne8 Nf4+ 37. Kh2 g6 38. Nc7+ Kf5 39. Nb5 a6 40. Nd6+
Ke6 41. Nc4 Nd5 42. Kg3 Kf5 43. Nd6+ Ke6 44. Nc4 Kf5 45. Nd6+ Ke6 46. Nc4 1/2-1/2

[Event "FIDE World Cup Women 2021"]
[Site "Krasnaya Polyana RUS"]
[Date "2021.07.18"]
[Round "3.1"]
[White "Kashlinskaya, Alina"]
[Black "Galliamova, Alisa"]
[Result "1-0"]
[WhiteTitle "IM"]
[BlackTitle "IM"]
[WhiteElo "2488"]
[BlackElo "2442"]
[WhiteFideId "4198026"]
[BlackFideId "4129725"]
[EventDate "2021.07.12"]
[EventType "k.o."]

1. d4 d5 2. c4 c6 3. Nf3 Nf6 4. Nc3 e6 5. Bg5 Nbd7 6. e3 h6 7. Bh4 g5 8. Bg3 Nh5
9. Qc2 Nxg3 10. hxg3 Bg7 11. O-O-O Qe7 12. Kb1 O-O 13. Be2 Rd8 14. Ne5 Nxe5 15.
dxe5 Bxe5 16. Rxh6 Bg7 17. Rh5 b5 18. cxb5 Bd7 19. f4 gxf4 20. gxf4 cxb5 21.
Rdh1 f5 22. g4 b4 23. Nb5 Rac8 24. Qd2 b3 25. Nd4 bxa2+ 26. Ka1 Rc7 27. gxf5 e5
28. fxe5 Qxe5 29. Bf3 Be8 30. Rg5 Rb8 31. Rhg1 Kh7 32. f6 Qxf6 33. Qh2+ 1-0

[Event "FIDE World Cup Women 2021"]
[Site "Krasnaya Polyana RUS"]
[Date "2021.07.18"]
[Round "3.1"]
[White "Mammadzada, Gunay"]
[Black "Khademalsharieh, Sarasadat"]
[Result "1/2-1/2"]
[WhiteTitle "IM"]
[BlackTitle "IM"]
[WhiteElo "2460"]
[BlackElo "2494"]
[WhiteFideId "13403729"]
[BlackFideId "12512214"]
[EventDate "2021.07.12"]
[EventType "k.o."]

1. e4 e5 2. Nf3 Nc6 3. Bb5 a6 4. Ba4 Bc5 5. O-O d6 6. c3 Bd7 7. d4 Ba7 8. Be3
Nge7 9. d5 Nb8 10. Bxa7 Rxa7 11. c4 b5 12. Bb3 Ng6 13. Nc3 O-O 14. Ne1 b4 15.
Ne2 c5 16. dxc6 Bxc6 17. f3 a5 18. Ba4 Qb6+ 19. Kh1 Bxa4 20. Qxa4 Rc7 21. Qc2
Nd7 22. Rd1 Ne7 23. Qd3 Rc6 24. Nc2 Nc5 25. Qd2 f5 26. exf5 b3 27. axb3 Nxb3 28.
Qd3 Nc5 29. Qa3 Nxf5 30. Nc3 Qb3 31. Qxb3 Nxb3 32. Na3 Ne3 33. Nd5 Nxd1 34. Ne7+
Kf7 35. Nxc6 Ne3 36. Re1 Nf5 37. Kg1 Rc8 38. Na7 Rc5 39. N7b5 Ke6 40. Kf2 Nfd4
41. Rd1 Nxb5 42. Nxb5 Rxc4 43. Rxd6+ Ke7 44. Rb6 Rc2+ 45. Kg3 Nd4 46. Nc3 Ne2+ 1/2-1/2

[Event "FIDE World Cup Women 2021"]
[Site "Krasnaya Polyana RUS"]
[Date "2021.07.18"]
[Round "3.1"]
[White "Batsiashvili, Nino"]
[Black "Zawadzka, Jolanta"]
[Result "1-0"]
[WhiteTitle "GM"]
[BlackTitle "WGM"]
[WhiteElo "2487"]
[BlackElo "2403"]
[WhiteFideId "13602993"]
[BlackFideId "1122320"]
[EventDate "2021.07.12"]
[EventType "k.o."]

1. c4 e5 2. Nc3 Nf6 3. Nf3 Nc6 4. e4 Bb4 5. d3 d6 6. a3 Ba5 7. Be2 Bg4 8. Be3
O-O 9. O-O Bb6 10. Na4 Bxf3 11. Bxf3 Bxe3 12. fxe3 Ne7 13. Qe1 Qd7 14. Nc3 c6
15. Qg3 Qe6 16. Rf2 Rad8 17. Raf1 Kh8 18. Bd1 a5 19. Qg5 h6 20. Qg3 Neg8 21. Qh4
Rb8 22. Rf5 Nh7 23. Bg4 Qe8 24. Qf2 f6 25. h4 g6 26. Rf3 h5 27. Bh3 Qe7 28. Qe1
Nh6 29. d4 Rg8 30. d5 c5 31. Be6 Rg7 32. Nb5 f5 33. exf5 gxf5 34. Rg3 Rg4 35.
Bxf5 Rxh4 36. Nxd6 Ng5 37. Nc8 Qd8 38. d6 Ngf7 39. Ne7 Nxf5 40. Nxf5 Rxc4 41.
Qe2 Rg4 42. Rxg4 hxg4 43. Qxg4 Qg8 44. Qh4+ Qh7 45. Qf6+ Kg8 46. Rf3 Re8 47. Rh3 1-0

[Event "FIDE World Cup Women 2021"]
[Site "Krasnaya Polyana RUS"]
[Date "2021.07.18"]
[Round "3.1"]
[White "Garifullina, Leya"]
[Black "Shuvalova, Polina"]
[Result "1/2-1/2"]
[WhiteTitle "WGM"]
[BlackTitle "IM"]
[WhiteElo "2390"]
[BlackElo "2489"]
[WhiteFideId "34127035"]
[BlackFideId "24171760"]
[EventDate "2021.07.12"]
[EventType "k.o."]

1. e4 e5 2. Nf3 Nf6 3. Nxe5 d6 4. Nf3 Nxe4 5. d4 d5 6. Bd3 Bd6 7. O-O O-O 8. Re1
Bf5 9. c4 c6 10. Nc3 Nxc3 11. bxc3 Bxd3 12. Qxd3 dxc4 13. Qxc4 Nd7 14. Qb3 Qc7
15. Rb1 b6 16. c4 Rfe8 17. Bb2 h6 18. g3 Be7 19. Bc1 Bf6 20. Bf4 Qb7 21. Rxe8+
Rxe8 22. Qa4 Rd8 23. c5 Nf8 24. Bd6 Ne6 25. Rb3 Nc7 26. Bxc7 Qxc7 27. cxb6 axb6
28. Qc4 c5 29. d5 Qd7 30. Rxb6 Qxd5 31. Qxd5 Rxd5 32. Rb8+ Kh7 33. Rc8 Rd1+ 34.
Kg2 Rc1 35. a4 c4 36. a5 c3 37. Ng1 Rc2 38. Kf1 Rc1+ 39. Kg2 Rc2 40. Kf1 Ra2 41.
Ne2 Rxa5 42. Nxc3 Ra1+ 43. Ke2 Rc1 44. Kd2 Rh1 45. h4 Bxc3+ 1/2-1/2

[Event "FIDE World Cup Women 2021"]
[Site "Krasnaya Polyana RUS"]
[Date "2021.07.18"]
[Round "3.1"]
[White "Mammadova, Gulnar"]
[Black "Paehtz, Elisabeth"]
[Result "1/2-1/2"]
[WhiteTitle "IM"]
[BlackTitle "IM"]
[WhiteElo "2385"]
[BlackElo "2466"]
[WhiteFideId "13403508"]
[BlackFideId "4641833"]
[EventDate "2021.07.12"]
[EventType "k.o."]

1. e4 c6 2. d4 d5 3. Nc3 dxe4 4. Nxe4 Nf6 5. Nxf6+ exf6 6. c3 Bd6 7. Bd3 O-O 8.
Qc2 Re8+ 9. Ne2 h5 10. O-O Qc7 11. h3 h4 12. c4 Na6 13. a3 Qd8 14. c5 Bb8 15.
Bxa6 bxa6 16. Rd1 Qd5 17. Be3 Bf5 18. Qd2 Be6 19. Nf4 Bxf4 20. Bxf4 g5 21. Bd6
Bf5 22. Re1 Kg7 23. f3 Bd7 24. Kh2 Bf5 25. Kg1 Bd7 26. Kh2 Bf5 27. Kg1 Bd7 1/2-1/2

[Event "FIDE World Cup Women 2021"]
[Site "Krasnaya Polyana RUS"]
[Date "2021.07.18"]
[Round "3.1"]
[White "Cramling, Pia"]
[Black "Kosteniuk, Alexandra"]
[Result "0-1"]
[WhiteTitle "GM"]
[BlackTitle "GM"]
[WhiteElo "2459"]
[BlackElo "2472"]
[WhiteFideId "1700030"]
[BlackFideId "4128125"]
[EventDate "2021.07.12"]
[EventType "k.o."]

1. Nf3 d5 2. d4 Nf6 3. c4 e6 4. Nc3 Bb4 5. Bg5 h6 6. Bxf6 Qxf6 7. Qa4+ Nc6 8. e3
O-O 9. Rc1 Rd8 10. Be2 dxc4 11. Bxc4 e5 12. dxe5 Qg6 13. O-O Bh3 14. Ne1 Nxe5
15. Be2 c5 16. Qc2 Qxc2 17. Rxc2 Bf5 18. e4 Be6 19. Nf3 Nc6 20. a3 Ba5 21. Nd1
Nd4 22. Nxd4 cxd4 23. Bd3 Bb3 24. Rc5 b6 25. Rc6 Rac8 26. Rxc8 Rxc8 27. f3 Bd2
28. Kf2 Bc1 29. Ke2 a6 30. Rf2 b5 31. f4 Re8 32. Rf3 Bd5 33. Kf2 Bxe4 34. Bxe4
Rxe4 35. g3 f5 36. h4 Kf7 37. a4 bxa4 38. Ra3 a5 39. Rxa4 Bd2 40. Kf3 Bb4 41. g4
Re1 42. Ra1 fxg4+ 43. Kxg4 d3 44. h5 d2 45. Kf5 Be7 0-1

[Event "FIDE World Cup Women 2021"]
[Site "Krasnaya Polyana RUS"]
[Date "2021.07.18"]
[Round "3.1"]
[White "Assaubayeva, Bibisara"]
[Black "Khotenashvili, Bela"]
[Result "1/2-1/2"]
[WhiteTitle "IM"]
[BlackTitle "GM"]
[WhiteElo "2389"]
[BlackElo "2471"]
[WhiteFideId "13708694"]
[BlackFideId "13602640"]
[EventDate "2021.07.12"]
[EventType "k.o."]

1. d4 Nf6 2. c4 c5 3. d5 e6 4. Nc3 exd5 5. cxd5 d6 6. Nf3 g6 7. Bf4 Bg7 8. Qa4+
Bd7 9. Qb3 b5 10. Bxd6 Qb6 11. Be5 O-O 12. e3 c4 13. Qd1 b4 14. Ne2 Rc8 15. h4
Bg4 16. Nf4 Nbd7 17. Bd4 Qa5 18. Be2 c3 19. O-O Nxd5 20. Nxd5 Qxd5 21. Bxg7 Qxd1
22. Raxd1 Kxg7 23. Rd4 Be6 24. Rxb4 Bxa2 25. bxc3 Rxc3 26. Ra1 Bd5 27. Rba4 Nc5
28. Rxa7 Rxa7 29. Rxa7 Rc1+ 30. Kh2 Ne4 31. Rd7 Be6 32. Rd4 Nxf2 33. Ng5 Bb3 34.
Rb4 h6 35. Rxb3 1/2-1/2

[Event "FIDE World Cup Women 2021"]
[Site "Krasnaya Polyana RUS"]
[Date "2021.07.18"]
[Round "3.1"]
[White "Pogonina, Natalija"]
[Black "Stefanova, Antoaneta"]
[Result "1/2-1/2"]
[WhiteTitle "WGM"]
[BlackTitle "GM"]
[WhiteElo "2469"]
[BlackElo "2463"]
[WhiteFideId "4147855"]
[BlackFideId "2902257"]
[EventDate "2021.07.12"]
[EventType "k.o."]

1. c4 c6 2. Nf3 d5 3. e3 Nf6 4. Nc3 a6 5. d4 e6 6. Bd2 dxc4 7. Bxc4 c5 8. O-O
Nc6 9. Rc1 b6 10. Qe2 Bb7 11. Rfd1 b5 12. Bd3 Nb4 13. Bb1 Qb6 14. dxc5 Bxc5 15.
a4 O-O 16. axb5 Be7 17. Nd4 Rfc8 18. h3 e5 19. Nf5 Bf8 20. Ng3 g6 21. Be1 h5 22.
bxa6 Bxa6 23. Qf3 Qe6 24. Nge4 Nh7 25. Qg3 Rd8 26. Ng5 Nxg5 27. Qxg5 Nd3 28.
Bxd3 Bxd3 29. e4 Kh7 30. Ra1 Bh6 31. Qh4 Rxa1 32. Rxa1 Rb8 33. Nd5 Bc4 34. Bc3
Bxd5 35. exd5 Qxd5 1/2-1/2

[Event "FIDE World Cup Women 2021"]
[Site "Krasnaya Polyana RUS"]
[Date "2021.07.20"]
[Round "3.3"]
[White "Muzychuk, Mariya"]
[Black "Ushenina, Anna"]
[Result "1-0"]
[WhiteTitle "GM"]
[BlackTitle "GM"]
[WhiteElo "2550"]
[BlackElo "2429"]
[WhiteFideId "14114550"]
[BlackFideId "14110911"]
[EventDate "2021.07.12"]
[EventType "k.o."]

1. e4 e5 2. Nf3 Nf6 3. Nxe5 d6 4. Nf3 Nxe4 5. Nc3 Nxc3 6. dxc3 Be7 7. Be3 Nc6 8.
Qd2 Be6 9. O-O-O Qd7 10. h3 h6 11. Kb1 Bf6 12. g4 O-O-O 13. Nd4 Nxd4 14. Bxd4
Kb8 15. Bxf6 gxf6 16. Bd3 h5 17. f3 Qc6 18. Be2 hxg4 19. fxg4 f5 20. gxf5 Bxf5
21. h4 Be4 22. Rh2 d5 23. h5 Rdg8 24. Rf1 f5 25. Bd3 Qe6 26. b3 a6 27. Kb2 Rg3
28. Rf4 Qe5 29. Rfh4 Bxd3 30. cxd3 Qe3 31. Qxe3 Rxe3 32. Kc2 Rf3 33. R4h3 Rf4
34. h6 Rh7 35. Kd2 c6 36. Ke3 Rg4 37. Rh5 Kc7 38. Rxf5 Rg6 39. Rfh5 Rf6 40. d4
Kd6 41. R5h3 a5 42. a4 b6 43. Kd3 Rg6 44. b4 Rf6 45. bxa5 bxa5 46. c4 Rg6 47.
Rh1 Rf6 48. cxd5 cxd5 49. Rb1 Kc6 50. Rc1+ Kd6 51. Rc5 Rfxh6 52. Rxh6+ Rxh6 53.
Rxa5 Rh3+ 54. Kc2 Ke6 55. Rc5 Kd6 56. a5 Rh4 57. Kc3 Rh3+ 58. Kb4 Rd3 59. a6
Rxd4+ 60. Kb5 Rd2 61. Rc6+ Kd7 62. a7 Rb2+ 63. Kc5 Ra2 64. Rh6 Kc7 65. Rh7+ Kc8
66. Kb6 Rb2+ 67. Kc6 Rc2+ 68. Kd6 Ra2 69. Rc7+ Kd8 70. Rb7 Ra6+ 71. Kxd5 Kc8 72.
Rb8+ Kc7 73. a8=Q 1-0

[Event "FIDE World Cup Women 2021"]
[Site "Krasnaya Polyana RUS"]
[Date "2021.07.20"]
[Round "3.3"]
[White "Yip, Carissa"]
[Black "Dzagnidze, Nana"]
[Result "0-1"]
[WhiteTitle "IM"]
[BlackTitle "GM"]
[WhiteElo "2430"]
[BlackElo "2523"]
[WhiteFideId "2090732"]
[BlackFideId "13601903"]
[EventDate "2021.07.12"]
[EventType "k.o."]

1. e4 c6 2. d4 d5 3. Nd2 dxe4 4. Nxe4 Bf5 5. Ng3 Bg6 6. f4 e6 7. Nf3 Bd6 8. Bd3
Ne7 9. O-O Nd7 10. Ne5 O-O 11. Nc4 Bc7 12. f5 Nxf5 13. Nxf5 exf5 14. Bxf5 Qh4
15. Bh3 Nb6 16. Ne5 Bxc2 17. Qd2 Bg6 18. Nf3 Qe4 19. Qf2 Nd5 20. Bd2 Nf4 21.
Bxf4 Qxf4 22. Rfe1 Rfe8 23. g3 Qf6 24. Bg2 Bb6 25. Rad1 Bh5 26. Rd3 Bxf3 27.
Bxf3 Rxe1+ 28. Qxe1 Bxd4+ 29. Kg2 g6 30. Qb4 Bb6 31. Rd7 Rb8 32. a4 Qf5 33. Qd2
Qe5 34. Bd1 Qe4+ 35. Kh3 Qe6+ 36. Kg2 Re8 37. b4 Re7 38. Rd3 Kg7 39. a5 Bc7 40.
Bf3 a6 41. Qd1 Qf6 42. Qd2 Re6 43. Qc2 Rd6 44. Rb3 Rd4 45. Be2 Be5 46. Rf3 Qd6
47. Kh3 Qd7+ 48. Kg2 Rxb4 49. Qc5 Qd6 50. Qe3 Rb2 51. Qf2 Qd5 52. Kh3 Bd4 53.
Rxf7+ Qxf7 54. Qxd4+ Qf6 55. Qd7+ Kh6 56. Qd1 Qf5+ 57. Bg4 Qc2 58. Qg1 Qf2 59.
Qc1+ Rd2 60. Qh1 c5 61. Bf3 c4 62. Bxb7 Qf5+ 63. g4 Rd3+ 64. Kg2 Qxg4+ 65. Kf2
Qf4+ 66. Kg2 Qd2+ 0-1